Designing the User Interface: (Record no. 534821)

000 -LEADER
fixed length control field 00418nam a22001337a 4500
020 ## - INTERNATIONAL STANDARD BOOK NUMBER
International Standard Book Number 9789332518735
082 ## - DEWEY DECIMAL CLASSIFICATION NUMBER
Classification number 004.019 SHN
100 ## - MAIN ENTRY--PERSONAL NAME
Personal name Shneiderman, Ben
245 ## - TITLE STATEMENT
Title Designing the User Interface:
Remainder of title Strategies for Effective Human-computer Interaction /
Statement of responsibility, etc. Ben Shneiderman
260 ## - PUBLICATION, DISTRIBUTION, ETC.
Place of publication, distribution, etc. New Delhi :
Name of publisher, distributor, etc. Pearson,
Date of publication, distribution, etc. 2014.
300 ## - PHYSICAL DESCRIPTION
Extent 572 p.
942 ## - ADDED ENTRY ELEMENTS (KOHA)
Source of classification or shelving scheme
Koha item type Book
Holdings
Withdrawn status Lost status Source of classification or shelving scheme Damaged status Not for loan Permanent Location Current Location Date acquired Source of acquisition Total Checkouts Full call number Barcode Date last seen Date last checked out Price effective from Koha item type Total Renewals
          Central Library (CL) Central Library (CL) 06/17/2020 Allied Book Company 2 004.019 SHN CL-331 08/15/2023 01/02/2023 06/17/2020 Book  
          Central Library (CL) Central Library (CL) 06/17/2020 Allied Book Company 1 004.019 SHN CL-332 05/15/2023 04/01/2022 06/17/2020 Book  
          Central Library (CL) Central Library (CL) 06/17/2020 Allied Book Company   004.019 SHN CL-333 10/03/2025   06/17/2020 Book 1
© 2023 Central Library, National University of Sciences and Technology. All Rights Reserved.